Forest management plan

Bibliographic Details
Corporate Author: SYARIKAT Jengka Sendirian Berhad
Format: Book
Published: (s.d. : s.l. , n.d.)
Subjects:

MARC

LEADER 00000cam a2200000 7i4500
001 0000001743
005 20011110.0
090 0 0 |a 634.9209595123   |b SYA (n. d.) 
110 1 0 |a SYARIKAT Jengka Sendirian Berhad 
245 1 0 |a Forest management plan   |c Syarikat Jangka Sendirian Berhad 
260 0 0 |a (s.d. :   |b s.l. ,   |c n.d.) 
300 |a (65-208) p. :   |b maps ;   |c 30 cm. 
500 0 0 |a Appendices I - XVI 
650 0 0 |a Forest management   |z Pahang 
998 |a JPSM 
999 |a 0000002669   |b Monograph   |c Open Shelf   |e Default branch